000 00414nam a2200181Ia 4500
001 14370
005 20260306164909.0
008 260306t2017||||xx |||||||||||||| ||spa||
041 _aESP
082 _a512.5
_bH81
100 _aHoyos-Rengifo, Fernando
_eAUT
245 0 _aÁlgebra lineal
260 _c2017
300 _a465 páginas
_c27 cm.
650 _aGEN
654 _aCMA
942 _cLIB
_dJUS
_fJUS
_2ddc
_n
999 _c14370
_d14370